[Event "St Petersburg-ch sf (Women)"]
[Site "St Petersburg"]
[Date "2010.02.18"]
[Round "6"]
[White "Zykova, Antonina"]
[Black "Balaian, Alina"]
[Result "1/2-1/2"]
[WhiteElo "2093"]
[BlackElo "2168"]
[PlyCount "137"]
[EventDate "2010.02.13"]
[EventType "swiss"]
[EventRounds "7"]
[EventCountry "RUS"]
[SourceTitle "CBM 135 Extra"]
[Source "ChessBase"]
[SourceDate "2010.05.04"]
[SourceVersion "1"]
[SourceVersionDate "2010.05.04"]
[SourceQuality "1"]

1. e4 e6 2. d3 d5 3. Nd2 Nf6 4. Ngf3 c5 5. g3 Nc6 6. Bg2 Be7 7. 0-0 b6 8. Re1 Bb7 9. e5 Nd7 10. Nf1 g5 11. g4 h5 12. h3 hxg4 13. hxg4 Qc7 14. Qe2 0-0-0 15. c3 Ba6 16. a3 Rdg8 17. b4 f6 18. exf6 Bxf6 19. Bd2 Nce5 20. Nxe5 Nxe5 21. c4 dxc4 22. bxc5 cxd3 23. Qd1 Bb7 24. cxb6 Bxg2 25. Kxg2 Qb7+ 26. f3 axb6 27. Rc1+ Kb8 28. Bc3 Nxg4 29. Qxd3 Rd8 30. Qe4 Qxe4 31. Rxe4 Bxc3 32. Rxg4 Be5 33. Re4 Bf4 34. Rc6 e5 35. Rxb6+ Kc7 36. Rb2 Rd1 37. Reb4 Kd6 38. Rb6+ Kc5 39. R2b5+ Kc4 40. Rb4+ Kd5 41. a4 Rc8 42. R4b5+ Rc5 43. Ng3 Rxb5 44. Rxb5+ Kc6 45. Ne4 Ra1 46. Rc5+ Kb6 47. Rc4 Ka5 48. Nc5 Ra3 49. Re4 Re3 50. Nb7+ Ka6 51. Rb4 g4 52. Nc5+ Ka7 53. fxg4 Rg3+ 54. Kf1 Rxg4 55. a5 Rg7 56. Ke2 Rc7 57. Rb5 Bh2 58. Kd3 Rc6 59. Ke4 Bg1 60. Nd7 Rd6 61. Nxe5 Ka6 62. Rb1 Bc5 63. Rb8 Rd4+ 64. Kf5 Bd6 65. Ra8+ Kb7 66. Re8 Rd5 67. Ke4 Rxe5+ 68. Rxe5 Bxe5 69. Kxe5 1/2-1/2

[Event "Chigorin Memorial 17th"]
[Site "St Petersburg"]
[Date "2009.10.22"]
[Round "7"]
[White "Zykova, Antonina"]
[Black "Azimova, Karina"]
[Result "1/2-1/2"]
[WhiteElo "2094"]
[BlackElo "1943"]
[PlyCount "100"]
[EventDate "2009.10.16"]
[EventType "swiss"]
[EventRounds "9"]
[EventCountry "RUS"]
[SourceTitle "CBM 132 Extra"]
[Source "ChessBase"]
[SourceDate "2009.11.03"]
[SourceVersion "1"]
[SourceVersionDate "2009.11.03"]
[SourceQuality "1"]

1. e4 e5 2. Nf3 d6 3. d4 exd4 4. Nxd4 Nf6 5. Nc3 Be7 6. g3 d5 7. exd5 Nxd5 8. Ndb5 Nxc3 9. Qxd8+ Bxd8 10. Nxc3 0-0 11. Be3 Bf5 12. 0-0-0 c6 13. Bg2 Bb6 14. Rhe1 Na6 15. Ne4 Nb4 16. a3 Nd5 17. Bxb6 Bxe4 18. Rxe4 axb6 19. c4 Nf6 20. Re7 Rab8 21. Bf3 Rfe8 22. Rde1 Kf8 23. R7e3 Rbd8 24. Kc2 Rd4 25. Rxe8+ Nxe8 26. Kc3 Rd6 27. Bg4 Nf6 28. Bc8 Nd7 29. Bxb7 Nc5 30. Bc8 Rd3+ 31. Kc2 Rf3 32. Re2 f5 33. b4 Ne4 34. Bxf5 Rxf5 35. Rxe4 Rxf2+ 36. Kb3 Rxh2 37. Re6 Rg2 38. Rxc6 Rxg3+ 39. Ka4 h5 40. Rxb6 h4 41. Rb8+ Ke7 42. b5 Kd7 43. c5 Rg6 44. b6 h3 45. Rb7+ Kc8 46. Rc7+ Kb8 47. c6 h2 48. Rb7+ Kc8 49. Rc7+ Kb8 50. Rb7+ Kc8 1/2-1/2

[Event "Chigorin Memorial 17th"]
[Site "St Petersburg"]
[Date "2009.10.16"]
[Round "1"]
[White "Zykova, Antonina"]
[Black "Shinkevich, Vitaly"]
[Result "0-1"]
[WhiteElo "2094"]
[BlackElo "2496"]
[PlyCount "106"]
[EventDate "2009.10.16"]
[EventType "swiss"]
[EventRounds "9"]
[EventCountry "RUS"]
[SourceTitle "CBM 132 Extra"]
[Source "ChessBase"]
[SourceDate "2009.11.03"]
[SourceVersion "1"]
[SourceVersionDate "2009.11.03"]
[SourceQuality "1"]

1. e4 e5 2. Bc4 Nf6 3. d3 c6 4. Nf3 Be7 5. 0-0 d6 6. Re1 0-0 7. Nbd2 a5 8. a4 Nbd7 9. c3 h6 10. Nf1 Re8 11. Ng3 Bf8 12. Qb3 d5 13. exd5 cxd5 14. Bxd5 Nxd5 15. Qxd5 Nc5 16. Qxd8 Rxd8 17. Nxe5 f6 18. Nc4 Nxd3 19. Re2 Ne5 20. Rd2 Rxd2 21. Nxd2 Nd3 22. Nb3 Bd7 23. Ne2 Re8 24. Kf1 b6 25. h3 g5 26. Nbd4 Bc5 27. b3 Bxd4 28. cxd4 Be6 29. Rb1 Bf5 30. g4 Bg6 31. Ra1 Nb4 32. Be3 Nc2 33. Rc1 Bd3 34. Rd1 Nxe3+ 35. fxe3 Rxe3 36. Rd2 Rxh3 37. Kg2 Re3 38. Ng3 Be4+ 39. Kh2 Kf8 40. d5 Bg6 41. d6 Rd3 42. Rxd3 Bxd3 43. Nh5 f5 44. Nf6 fxg4 45. Kg3 Bf5 46. Nd5 h5 47. Nxb6 h4+ 48. Kh2 g3+ 49. Kg2 Be4+ 50. Kh3 Ke8 51. Nc4 g4+ 52. Kxh4 g2 53. d7+ Kd8 0-1

[Event "St Petersburg Chigorin CC-ch"]
[Site "St Petersburg"]
[Date "2009.05.21"]
[Round "3"]
[White "Zykova, Antonina"]
[Black "Glazov, Anatoly"]
[Result "1-0"]
[WhiteElo "2085"]
[BlackElo "1978"]
[PlyCount "75"]
[EventDate "2009.05.19"]
[EventType "swiss"]
[EventRounds "9"]
[EventCountry "RUS"]
[SourceTitle "CBM 130 Extra"]
[Source "ChessBase"]
[SourceDate "2009.07.02"]
[SourceVersion "2"]
[SourceVersionDate "2009.07.15"]
[SourceQuality "1"]

1. e4 c5 2. Nc3 Nc6 3. Bb5 Nd4 4. Bc4 a6 5. a4 e6 6. Nf3 Rb8 7. Nxd4 cxd4 8. Ne2 Bc5 9. 0-0 Ne7 10. d3 Ng6 11. f4 0-0 12. Bb3 d6 13. f5 exf5 14. exf5 Ne5 15. f6 g6 16. Nf4 Qxf6 17. Ne6 Qe7 18. Bg5 Qe8 19. Nxf8 Qxf8 20. h3 Qe8 21. Qe1 Be6 22. Bxe6 fxe6 23. Qh4 b6 24. Kh1 Nf7 25. Bd2 d5 26. a5 b5 27. Rae1 e5 28. Qf6 Be7 29. Qe6 Rd8 30. Rxe5 Kf8 31. Bh6+ Kg8 32. Rxf7 Qxf7 33. Qxe7 Rc8 34. Qxf7+ Kxf7 35. Rxd5 Rxc2 36. b4 Rb2 37. Rxd4 Ke6 38. Bf8 1-0

[Event "EU-ch (Women) 10th"]
[Site "St Petersburg"]
[Date "2009.03.17"]
[Round "9"]
[White "Zykova, Antonina"]
[Black "Molchanova, Tatjana"]
[Result "0-1"]
[WhiteElo "2103"]
[BlackElo "2319"]
[PlyCount "46"]
[EventDate "2009.03.08"]
[EventType "swiss"]
[EventRounds "11"]
[EventCountry "RUS"]
[SourceTitle "CBM 129 Extra"]
[Source "ChessBase"]
[SourceDate "2009.05.05"]
[SourceVersion "2"]
[SourceVersionDate "2009.05.20"]
[SourceQuality "1"]

1. e4 e5 2. Bc4 d6 3. Nf3 Be7 4. d4 exd4 5. Nxd4 Nf6 6. Nc3 0-0 7. 0-0 c6 8. a4 Nbd7 9. a5 Nc5 10. f3 a6 11. Kh1 d5 12. exd5 Nxd5 13. Nxd5 cxd5 14. Be2 Bf6 15. Be3 Re8 16. Bf2 Be5 17. Qd2 Qf6 18. Rae1 Bd7 19. Bd1 Rad8 20. c3 Bf4 21. Be3 Rxe3 22. Ne2 Bh6 23. Qxd5 Nd3 0-1

[Event "Chigorin Memorial 16th"]
[Site "St Petersburg"]
[Date "2008.10.07"]
[Round "5"]
[White "Timofeev, Andrei"]
[Black "Zykova, Antonina"]
[Result "1/2-1/2"]
[WhiteElo "2205"]
[BlackElo "2092"]
[PlyCount "132"]
[EventDate "2008.10.03"]
[EventType "swiss"]
[EventRounds "9"]
[EventCountry "RUS"]
[SourceTitle "CBM 126 Extra"]
[Source "ChessBase"]
[SourceDate "2008.11.05"]
[SourceVersion "1"]
[SourceVersionDate "2008.11.05"]
[SourceQuality "1"]

1. c4 e5 2. Nc3 Nc6 3. g3 g6 4. Bg2 Bg7 5. e3 d6 6. Nge2 Nf6 7. Rb1 a5 8. a3 Be6 9. d3 Qd7 10. h3 0-0 11. Nd5 Nd8 12. Nxf6+ Bxf6 13. Nc3 Bg7 14. Nd5 f5 15. 0-0 Qf7 16. f4 c6 17. Nc3 e4 18. dxe4 Bxc4 19. Rf2 Ne6 20. b3 Ba6 21. Bb2 fxe4 22. Nxe4 d5 23. Nd2 Bxb2 24. Rxb2 Nc5 25. Bf1 Qe6 26. Bxa6 Rxa6 27. Nf1 Qxh3 28. g4 Qh6 29. Ng3 Qg7 30. Qc2 Qe7 31. Re2 Raa8 32. b4 axb4 33. axb4 Nd7 34. g5 Nb6 35. Qc5 Qc7 36. Rbc2 Nc4 37. Nf1 Ra1 38. Kg2 Qd7 39. Nh2 Re8 40. Rxc4 dxc4 41. Qxc4+ Qe6 42. Qxe6+ Rxe6 43. b5 c5 44. Ng4 Rb1 45. Rd2 Kf7 46. Nh6+ Ke8 47. Kf3 Rf1+ 48. Kg2 Rb1 49. Kf3 Rb3 50. Ng4 Rxb5 51. Nf6+ Kf7 52. Rh2 h5 53. gxh6 Kxf6 54. h7 Re8 55. h8Q+ Rxh8 56. Rxh8 Rb1 57. Rc8 b6 58. e4 Rf1+ 59. Kg4 Rg1+ 60. Kf3 Rf1+ 61. Kg4 Rb1 62. Rc6+ Kf7 63. e5 Rb2 64. Kh4 Rb1 65. Kg3 Rb3+ 66. Kg4 Rb1 1/2-1/2

[Event "St Petersburg June op"]
[Site "St Petersburg"]
[Date "2008.06.25"]
[Round "5"]
[White "Zykova, Antonina"]
[Black "Maslyakov, Sergey"]
[Result "1/2-1/2"]
[WhiteElo "2017"]
[BlackElo "2109"]
[PlyCount "153"]
[EventDate "2008.06.21"]
[EventType "swiss"]
[EventRounds "9"]
[EventCountry "RUS"]
[SourceTitle "CBM 125 Extra"]
[Source "ChessBase"]
[SourceDate "2008.09.01"]
[SourceVersion "1"]
[SourceVersionDate "2008.09.01"]
[SourceQuality "1"]

1. e4 e6 2. d4 d5 3. Nc3 Nf6 4. Bg5 Bb4 5. e5 h6 6. Bd2 Bxc3 7. bxc3 Ne4 8. Qg4 g6 9. h4 c5 10. Bd3 Nxd2 11. Kxd2 Qa5 12. Nf3 Nd7 13. Bxg6 Nb6 14. Bd3 Na4 15. dxc5 Nxc3 16. Qg7 Rf8 17. Qxh6 Bd7 18. h5 0-0-0 19. Qf4 d4 20. Ke1 Bc6 21. Kf1 Qxc5 22. Rh3 Bb5 23. h6 Kb8 24. h7 Nd5 25. Qd2 Bxd3+ 26. cxd3 Qc3 27. Rb1 Qxd2 28. Nxd2 Nf4 29. Rf3 Ng6 30. Nc4 b6 31. Ke2 Rd5 32. Kd2 Kc7 33. a4 Kd7 34. Rf6 Ke7 35. f4 Rh8 36. Rh1 Nf8 37. Rfh6 Ng6 38. g3 Rc5 39. Ke2 Kf8 40. Kf3 Kg7 41. Ke4 Rd5 42. Nd6 Ra5 43. g4 Rc5 44. Nc4 Nf8 45. Nd6 Ng6 46. R6h5 Rf8 47. Rg5 Rh8 48. Kxd4 Rxh7 49. Ne8+ Kh8 50. Rxh7+ Kxh7 51. Nf6+ Kg7 52. Ke4 Ra5 53. d4 Kf8 54. f5 Ne7 55. Nh7+ Ke8 56. fxe6 fxe6 57. Rg7 Rxa4 58. Ng5 Kd7 59. Rh7 b5 60. Nf3 b4 61. Ne1 b3 62. Nd3 Ke8 63. Rh8+ Kf7 64. Rh7+ Kf8 65. Rh8+ Kg7 66. Rb8 Nc6 67. Rxb3 Rxd4+ 68. Ke3 Rxg4 69. Rb7+ Kg6 70. Rc7 Rc4 71. Nb4 Nxe5 72. Rxc4 Nxc4+ 73. Kd4 Nb6 74. Nc6 a6 75. Ke5 Kf7 76. Nd8+ Ke7 77. Nxe6 1/2-1/2

[Event "St Petersburg-ch U18 Girls"]
[Site "St Petersburg"]
[Date "2007.10.10"]
[Round "6"]
[White "Zykova, Antonina"]
[Black "Tokareva, Tatiana"]
[Result "1-0"]
[WhiteElo "2041"]
[BlackElo "1973"]
[PlyCount "40"]
[EventDate "2007.10.05"]
[EventType "swiss"]
[EventRounds "9"]
[EventCountry "RUS"]
[SourceTitle "EXT 2009"]
[Source "ChessBase"]
[SourceDate "2008.11.26"]
[SourceVersion "1"]
[SourceVersionDate "2008.11.26"]
[SourceQuality "1"]

1. e4 e5 2. Nf3 Nf6 3. d4 exd4 4. e5 Ne4 5. Qxd4 d5 6. exd6 Nxd6 7. Nc3 Nc6 8. Qf4 Be7 9. Bd2 0-0 10. 0-0-0 Be6 11. g4 a5 12. h4 Rb8 13. a4 Nb4 14. Ng5 Bd7 15. Be3 Qe8 16. Nb5 Bxb5 17. axb5 Nxb5 18. Qf5 Na2+ 19. Kd2 Rd8+ 20. Bd3 g6 1-0

[Event "St Petersburg-ch U18 Girls"]
[Site "St Petersburg"]
[Date "2007.10.05"]
[Round "1"]
[White "Shlakich, Anna"]
[Black "Zykova, Antonina"]
[Result "1-0"]
[WhiteElo "2182"]
[BlackElo "2041"]
[PlyCount "44"]
[EventDate "2007.10.05"]
[EventType "swiss"]
[EventRounds "9"]
[EventCountry "RUS"]
[SourceTitle "EXT 2009"]
[Source "ChessBase"]
[SourceDate "2008.11.26"]
[SourceVersion "1"]
[SourceVersionDate "2008.11.26"]
[SourceQuality "1"]

1. e4 c5 2. Nf3 e6 3. d4 cxd4 4. Nxd4 Nf6 5. Nc3 d6 6. Be3 Nc6 7. f3 a6 8. Qd2 Qc7 9. g4 Be7 10. g5 Nd7 11. 0-0-0 b5 12. h4 Bb7 13. a3 b4 14. axb4 Nxb4 15. h5 d5 16. Rg1 g6 17. Bh3 Nc5 18. e5 Rc8 19. Kb1 Nd7 20. f4 Nb6 21. Bf1 Nc4 22. Bxc4 Qxc4 1-0